000 00962nam a22003137a 4500
001 5238
003 FISKH
005 20241120152242.0
008 241120b cb ||||| |||| 00| 0 eng d
020 _a051488003991
040 _aFISKH
_beng
_cFISKH
_dFISKH
050 _aPZ7.D1515
082 _a823.914
100 _aDahl, Roald
245 _aEsio Trot /
_cby Roald Dahl
250 _aFirst published in Great Britain by Jonathan Cape Ltd, 1990
260 _aNew York :
_bPenguin Groups ;
_c1990 .
300 _a62 pages :
_billustrations ;
_c20 cm .
505 _aU
520 _aShy Mr. Hoppy devises a plan to win the heart of his true love by teaching her a spell to make her tortoise grow bigger.
521 8 _a840
_bLexile
521 8 _aU
_bRaz-Plus
650 _aturtles
_vfiction
650 _asize
_vfiction
650 _amagic
_vfiction
700 _aBlake, Qientin
_eillustrator
942 _2ddc
_cBK
_n0
999 _c5238
_d5238